000 00452nam a22001817a 4500
003 MPLRDC
005 20220104203122.0
008 210129b ||||| |||| 00| 0 eng d
020 _a967-5114-78-6
082 _a427.1 WH c.2
100 _a王虹主编
245 _a大众口味
_c
250 _a初版一刷
260 _a马来西亚
_b海滨出版(马)私人有限公司
_c2009
300 _b
650 _a食谱
942 _cBK
_o427.1 WH c.2
999 _c67967
_d67957